Central Library OPAC University of Rajshahi

Perception : (Record no. 17077)

MARC details
000 -LEADER
fixed length control field 01036pam a2200301 4500
001 - CONTROL NUMBER
control field 17077
003 - CONTROL NUMBER IDENTIFIER
rucl marc code BD-RjUL
005 - DATE AND TIME OF LATEST TRANSACTION
control field 20211209000102.0
008 - FIXED-LENGTH DATA ELEMENTS--GENERAL INFORMATION
fixed length control field 140216s1975 nyua 001 0 eng
020 ## - INTERNATIONAL STANDARD BOOK NUMBER
International Standard Book Number 0070099081
035 ## - SYSTEM CONTROL NUMBER
System control number (BD-RjUL)17134
040 ## - CATALOGING SOURCE
Original cataloging agency DLC
Transcribing agency DLC
Modifying agency DLC
-- BD-RjUL
Language of cataloging eng
041 ## - LANGUAGE CODE
Language code of text/sound track or separate title eng
082 00 - DEWEY DECIMAL CLASSIFICATION NUMBER
Classification number 808.8
Author mark and year CAP
100 1# - MAIN ENTRY--PERSONAL NAME
Personal name Carlsen, G. Robert,
Dates associated with a name 1917-
9 (RLIN) 2648
245 10 - TITLE STATEMENT
Title Perception :
Remainder of title themes in literature /
Statement of responsibility, etc. [compiled by] G. Robert Carlsen [and] Ruth Christoffer Carlsen.
250 ## - EDITION STATEMENT
Edition statement 2d ed.
260 ## - PUBLICATION, DISTRIBUTION, ETC. (IMPRINT)
Place of publication, distribution, etc. New York :
Name of publisher, distributor, etc. Webster Division, McGraw-Hill,
Date of publication, distribution, etc. c1975.
300 ## - PHYSICAL DESCRIPTION
Pagination 630 p. :
Illustrations illus. (part col.) ;
Size 25 cm.
490 0# - SERIES STATEMENT
Series statement Themes and writers series
504 ## - BIBLIOGRAPHY, ETC. NOTE
Bibliography, etc Includes index.
520 ## - SUMMARY, ETC.
Summary, etc. A thematically arranged anthology of poems, short stories, plays, and novellas for the eighth-grade reader.
650 #0 - SUBJECT ADDED ENTRY--TOPICAL TERM
Topical term or geographic name as entry element Literature, Modern.
9 (RLIN) 51651
Topical term or geographic name as entry element Literature
General subdivision Collections.
9 (RLIN) 22030
700 1# - ADDED ENTRY--PERSONAL NAME
Personal name Carlsen, Ruth Christoffer,
942 ## - ADDED ENTRY ELEMENTS (KOHA)
Source of classification or shelving scheme Dewey Decimal Classification
Koha item type Books
Holdings
Lost status Source of classification or shelving scheme Damaged status Not for loan Collection code Permanent Location Current Location Shelving location Date acquired Source of acquisition Cost, normal purchase price Total Checkouts Full call number Date last seen Copy number Koha item type
  Dewey Decimal Classification     Non-fiction Central Library, University of Rajshahi Central Library, University of Rajshahi   30/04/1984 Asia foundation 0.00   808.8 CAP 1975 16/02/2014 C-7 Books
  Dewey Decimal Classification     Non-fiction Central Library, University of Rajshahi Central Library, University of Rajshahi   30/04/1984 Asia Foundation     808.8 CAP 1975 17/02/2014 C-5 Books
  Dewey Decimal Classification   Not For Loan Non-fiction Central Library, University of Rajshahi Central Library, University of Rajshahi Reading Room 26/12/1983       808.8 CAP 1975 23/01/2017 C-1 Books
  Dewey Decimal Classification     Non-fiction Central Library, University of Rajshahi Central Library, University of Rajshahi   26/12/1983 Asia Foundation , U.S.A.     808.8 CAP 1975 04/12/2019 C-2 Books
  Dewey Decimal Classification     Non-fiction Central Library, University of Rajshahi Central Library, University of Rajshahi   26/12/1983 Asia Foundation , U.S.A.     808.8 CAP 1975 04/12/2019 C-3 Books
  Dewey Decimal Classification     Non-fiction Central Library, University of Rajshahi Central Library, University of Rajshahi   26/12/1983 Asia Foundation , U.S.A.     808.8 CAP 1975 04/12/2019 C-4 Books
  Dewey Decimal Classification     Non-fiction Central Library, University of Rajshahi Central Library, University of Rajshahi   26/12/1983 Asia Foundation , U.S.A.     808.8 CAP 1975 04/12/2019 C-6 Books
  Dewey Decimal Classification     Non-fiction Central Library, University of Rajshahi Central Library, University of Rajshahi   26/12/1983 Asia Foundation , U.S.A.     808.8 CAP 1975 04/12/2019 C-8 Books
  Dewey Decimal Classification     Non-fiction Central Library, University of Rajshahi Central Library, University of Rajshahi   26/12/1983 Asia Foundation , U.S.A.     808.8 CAP 1975 04/12/2019 C-9 Books
  Dewey Decimal Classification     Non-fiction Central Library, University of Rajshahi Central Library, University of Rajshahi   26/12/1983 Asia Foundation , U.S.A.     808.8 CAP 1975 04/12/2019 C-10 Books
  Dewey Decimal Classification     Non-fiction Central Library, University of Rajshahi Central Library, University of Rajshahi   30/04/1984 Asia Foundation , U.S.A.     808.8 CAP 1975 04/12/2019 C-11 Books